Đang tải...
Health insurance in developing countries : the social security approach
| Tác giả chính: | |
|---|---|
| Tác giả khác: | , |
| Định dạng: | Printed Book |
| Ngôn ngữ: | Undetermined English |
| Được phát hành: |
New Delhi
Oxford and IBH Publishing Company Pvt Ltd
1990
|
| Những chủ đề: |
| LEADER | 00845nam a2200217Ia 4500 | ||
|---|---|---|---|
| 008 | 140306s9999 xx 000 0 und d | ||
| 020 | |a 81 204 0589 7 | ||
| 041 | |a eng | ||
| 082 | |a 368.382 |b AVI/HE | ||
| 100 | |a Aviva Ron | ||
| 245 | |a Health insurance in developing countries : the social security approach | ||
| 260 | |a New Delhi |b Oxford and IBH Publishing Company Pvt Ltd |c 1990 | ||
| 300 | |a 231 | ||
| 365 | |b Rs .195 | ||
| 650 | |a Social programme | ||
| 700 | |a Brian Abet Smith | ||
| 700 | |a Tamburi, Giovanni | ||
| 942 | |2 ddc |c BK | ||
| 999 | |c 183252 |d 183252 | ||
| 952 | |0 0 |1 0 |2 ddc |4 0 |6 368_382000000000000_AVI_HE |7 0 |9 189045 |a KAUCBV |b KAUCBV |d 2004-01-03 |g 195.00 |o 368.382 AVI/HE |r 2014-03-22 |w 2014-03-22 |y BK | ||
| 952 | |0 0 |1 0 |2 ddc |4 0 |6 368_382000000000000_AVI_HE |7 0 |9 189046 |a KAUCBV |b KAUCBV |d 2004-01-03 |g 195.00 |o 368.382 AVI/HE |r 2014-03-22 |w 2014-03-22 |y BK | ||